000
00214nam a22000857a 4500
999
_c
6944
_d
6944
008
170620b xxu||||| |||| 00| 0 eng d
020
_a
9788120329935
100
_9
3559
_a
Bhatnagar. S
245
_a
Computer Science XI
260
_a
New delhi
_b
PHI
_c
2007